UITU Library & LRC     

Patient Appointment System (Record no. 31836)

MARC details
000 -LEADER
fixed length control field 00361nam a2200133Ia 4500
008 - FIXED-LENGTH DATA ELEMENTS--GENERAL INFORMATION
fixed length control field 260210s9999 xx 000 0 und d
024 ## - OTHER STANDARD IDENTIFIER
Standard number or code 99B-BCS5Y-21
082 ## - DEWEY DECIMAL CLASSIFICATION NUMBER
Classification number 004.67072 GHA
100 ## - MAIN ENTRY--PERSONAL NAME
Personal name Ghazala Taqee
245 #0 - TITLE STATEMENT
Title Patient Appointment System
260 ## - PUBLICATION, DISTRIBUTION, ETC.
Place of publication, distribution, etc. Karachi:
Name of publisher, distributor, etc. UITU,
Date of publication, distribution, etc. 1999
600 ## - SUBJECT ADDED ENTRY--PERSONAL NAME
Personal name Computer Science
650 ## - SUBJECT ADDED ENTRY--TOPICAL TERM
Topical term or geographic name entry element Bachelor of Computer Science (BS)

No items available.

Powered by Koha